Statistical thinking : a structural approach
Saved in:
| Main Author: | |
|---|---|
| Format: | Book |
| Language: | English |
| Published: |
San Francisco :
W. H. Freeman,
1973
|
| Series: | Series of books in psychology
|
| Subjects: | |
| Tags: |
Add Tag
No Tags, Be the first to tag this record!
|
MARC
| LEADER | 00000cam a2200000 i 4500 | ||
|---|---|---|---|
| 001 | 1/6494 | ||
| 008 | 000614s1973 eng d | ||
| 020 | |a 0716708310 | ||
| 035 | |l 10061952 | ||
| 040 | |a GR-MY-UA |b gre |e aacr | ||
| 041 | 0 | |a eng | |
| 082 | 0 | |a 519.5 | |
| 100 | 1 | |a Phillips, John L., |d 1923- | |
| 245 | 1 | 0 | |a Statistical thinking : |b a structural approach / |c John L. Phillips |
| 260 | |a San Francisco : |b W. H. Freeman, |c 1973 | ||
| 300 | |a 124 p. | ||
| 490 | 1 | |a A Series of books in psychology | |
| 650 | 0 | 0 | |a Statistics. |
| 830 | 0 | |a Series of books in psychology | |
| 852 | |a INST |b LESVOS |e 20000614 |h 519.5 PHI |p 005100023871 |q 005100023871 |t BK |y 0 | ||
| 909 | |a Λ |b 076540 | ||
| 970 | |z 2000/06/ΟΙΚΟΝΟΜΟΠΟΥΛΟΥ ΧΡΙΣΤΙΝΑ | ||